logo

Bir Sreshtho Munshi Abdur Rouf Library
Jhenaidah Cadet College

Lincoln / (Record no. 14061)

MARC details
000 -LEADER
fixed length control field 00652nam a2200229 a 4500
001 - CONTROL NUMBER
JCCL Control Number 14061
003 - CONTROL NUMBER IDENTIFIER
JCCL marc code BD-JhCC
005 - DATE AND TIME OF LATEST TRANSACTION
control field 20240912121616.0
008 - FIXED-LENGTH DATA ELEMENTS--GENERAL INFORMATION
fixed length control field 240912b2013 nyu |||| ||a| 000 0 eng d
020 ## - INTERNATIONAL STANDARD BOOK NUMBER
International Standard Book Number 9781439126288
035 ## - SYSTEM CONTROL NUMBER
system control number (BD-JhCC)14061
040 ## - CATALOGING SOURCE
Original cataloging agency BD-JhCC
Modifying agency BD-JhCC
041 ## - LANGUAGE CODE
Language code of Book english
082 ## - DEWEY DECIMAL CLASSIFICATION NUMBER
Classification number 920.02
Author mark and Year DON 1865
100 ## - MAIN ENTRY--PERSONAL NAME
Personal name Donald,David Herbert
245 ## - TITLE STATEMENT
Title Lincoln /
Statement of responsibility, etc David Herbert Donald.
260 ## - PUBLICATION, DISTRIBUTION, ETC. (IMPRINT)
Place of publication, distribution, etc New York:
Name of publisher, distributor, etc Simon & Schuster;
Date of publication, distribution, etc 1865.
300 ## - PHYSICAL DESCRIPTION
Pagination 714 p. :
Other physical details illustrations ;
Dimensions 24 cm.
650 ## - SUBJECT ADDED ENTRY--TOPICAL TERM
Topical term or geographic name as entry element Biografie
Form subdivision Biographies
General subdivision Biography
Chronological subdivision Lincoln, Abraham 1809-1865
Geographic subdivision Literary
942 ## - ADDED ENTRY ELEMENTS (KOHA)
Source of classification or shelving scheme Dewey Decimal Classification
Koha item type Books
Holdings
Source of classification or shelving scheme Damaged status Not for loan Home library Current library Shelving location Date of accession Source of acquisition Cost, normal purchase price Total Checkouts Full call number Barcode Date last seen Copy number Method of acquisition Koha item type Currency
Dewey Decimal Classification   Not For Loan JCC Rouf Library JCC Rouf Library General Stacks 09/12/2024 With the Compliments Of Shahriar Imtiaz Rahman 27/1483/K 2975.00   920.02 DON 1865 19674 09/12/2024 C-1 Gift/Donation Books BDT

JCC Library | Contacts | JCC Home

Last Update on 23 September 2017
Copyright @ 2017-2020 JCC Rouf Library
Rouf Library, Jhenidah Cadet College (JCC), Bangladesh